| 000 | 00344nam a2200145Ia 4500 | ||
|---|---|---|---|
| 008 | 200103s9999||||xx |||||||||||||| ||und|| | ||
| 020 | _a9780553295054 | ||
| 040 | _aIMU-MPC | ||
| 082 | _aColumn-60 | ||
| 100 | _aMessing, Bob | ||
| 245 | 4 | _aThe Tao of Management | |
| 260 |
_bBantam Books, New York _c1992 |
||
| 300 | _axii, 130 | ||
| 942 | _cBK | ||
| 999 |
_c10919 _d10919 |
||